Sociology of organisations : (Record no. 64910)

MARC details
000 -LEADER
fixed length control field 01081nam a22002777a 4500
005 - DATE AND TIME OF LATEST TRANSACTION
control field 20130513152451.0
008 - FIXED-LENGTH DATA ELEMENTS--GENERAL INFORMATION
fixed length control field 120412t xxu||||| |||| 00| 0 eng d
010 ## - LCCN (DPL NO)
LC control number ENG-104972
020 ## - INTERNATIONAL STANDARD BOOK NUMBER
International Standard Book Number 9788120345300
Terms of availability 175.00
035 ## - SYSTEM CONTROL NUMBER
System control number EN-88505
035 ## - SYSTEM CONTROL NUMBER
System control number B-491946
037 ## - SOURCE OF ACQUISITION
Source of stock number/acquisition DBAD/PUB
037 ## - SOURCE OF ACQUISITION
Source of stock number/acquisition Researcho Books & Periodicals Pvt. Ltd./Ven
040 ## - CATALOGING SOURCE
Original cataloging agency DPL
Language of cataloging ENG
082 ## - DEWEY DECIMAL CLASSIFICATION NUMBER
Classification number 302.3
100 ## - MAIN ENTRY--PERSONAL NAME
Personal name Scieur, Philippe
9 (RLIN) 44976
245 ## - TITLE STATEMENT
Title Sociology of organisations :
Statement of responsibility, etc by Philippe Scieur
Remainder of title an introduction and analysis of collective organisations /
250 ## - EDITION STATEMENT
Edition statement 2nd ed
260 ## - PUBLICATION, DISTRIBUTION, ETC. (IMPRINT)
Place of publication, distribution, etc New Delhi
Name of publisher, distributor, etc PHI Learning
Date of publication, distribution, etc 2012
270 ## - ADDRESS
Address M-97, Connaught Circus
City New Delhi
Postal code 110001
300 ## - PHYSICAL DESCRIPTION
Extent iv,156p.
Dimensions 23cm(pbk)
490 ## - SERIES STATEMENT
Series statement French academic series
500 ## - GENERAL NOTE
General note Includes bibliographical references and index
942 ## - ADDED ENTRY ELEMENTS (KOHA)
Source of classification or shelving scheme Dewey Decimal Classification
Item type English Books
Classification part 302.3
Call number suffix SCI
Holdings
Withdrawn status Lost status Source of classification or shelving scheme Damaged status Not for loan Collection code Home library Current library Date acquired Source of acquisition Cost, normal purchase price Total Checkouts Full call number Barcode Date last seen Copy number Cost, replacement price Koha item type
    Dewey Decimal Classification   Not For Loan Non-fiction D.B.Act.Division D.B.Act.Division 12/04/2012 DBAD/PUB 175.00   302.3 SCI EN-88505 12/04/2012 1 175.00 English Books
    Dewey Decimal Classification     Non-fiction Sarojini Nagar Sarojini Nagar 13/05/2013 RBP/32825/12.1.13/27/18.12.12/21.1.13 175.00   302.3 SCI B-491946 13/05/2013 1 175.00 English Books

© Delhi Public Library
Hit Counter
free hit counter